Guess the Animated Characters! Quiz Stats

 Plays Quiz not verified by Sporcle

Challenge
Share
Tweet
Embed
Score 0/54 Timer 10:00
0 Plays Today
% Correct
Anastasia
85.2%
Moses
74.1%
Rasputin
70.4%
Joseph
70.4%
King Arthur
59.3%
Odette
59.3%
Dimitri
55.6%
Bartok
51.9%
Derek
48.1%
Vladimir
44.4%
Kayley
44.4%
Merlin
44.4%
Speed
44.4%
Puffin
44.4%
God
44.4%
Jean-Bob
40.7%
Rameses
40.7%
Aaron
40.7%
Sophie
37%
Garrett
37%
Ruber
37%
Rothbart
37%
Miriam
37%
Pharaoh
37%
Pharaoh
37%
Juliana
33.3%
Queen Uberta
33.3%
% Correct
Dowager Empress
29.6%
Cornwall
29.6%
Bladebeak
29.6%
Sir Lionel
29.6%
King William
29.6%
Bromley
29.6%
Jacob
29.6%
Devon
25.9%
Lord Rogers
25.9%
Chamberlain
25.9%
Griffin
22.2%
Ayden
22.2%
Hotep
22.2%
Benjamin
22.2%
Simeon
22.2%
Judah
18.5%
Tzipporah
14.8%
Jethro
14.8%
Huy
14.8%
Rameses mother
14.8%
Moses mother
14.8%
Rachel
14.8%
Potiphar
14.8%
Zuleika
11.1%
Butler
11.1%
Baker
11.1%
Asenath
11.1%

You're not logged in!

Compare scores with friends on all Sporcle quizzes.
OR
Log In

You Might Also Like...

Show Comments

Extras

Top Quizzes Today


Score Distribution

Your Account Isn't Verified!

In order to create a playlist on Sporcle, you need to verify the email address you used during registration. Go to your Sporcle Settings to finish the process.

Report this User

Report this user for behavior that violates our Community Guidelines.

Details: